Half open windows / (Record no. 145615)
[ view plain ]
| 000 -LEADER | |
|---|---|
| fixed length control field | 00803nam a22002057a 4500 |
| 005 - DATE AND TIME OF LATEST TRANSACTION | |
| control field | 20181218164043.0 |
| 010 ## - LCCN (DPL NO) | |
| LC control number | 1718EN-30 B-681931-938 |
| 020 ## - INTERNATIONAL STANDARD BOOK NUMBER | |
| International Standard Book Number | 9789386338358 |
| Terms of availability | 299.00 |
| 035 ## - SYSTEM CONTROL NUMBER | |
| System control number | B-681931-938 |
| 037 ## - SOURCE OF ACQUISITION | |
| Source of stock number/acquisition | Pragati |
| Stock number | dpl |
| 082 ## - DEWEY DECIMAL CLASSIFICATION NUMBER | |
| Classification number | 891.463 |
| 100 ## - MAIN ENTRY--PERSONAL NAME | |
| Personal name | Matkari, Ganesh |
| 245 ## - TITLE STATEMENT | |
| Title | Half open windows / |
| Statement of responsibility, etc | by Ganesh Matkari translated from Marathi by Jerry Pinto |
| 260 ## - PUBLICATION, DISTRIBUTION, ETC. (IMPRINT) | |
| Place of publication, distribution, etc | New Delhi |
| Name of publisher, distributor, etc | Speaking Tiger |
| Date of publication, distribution, etc | 2017 |
| 270 ## - ADDRESS | |
| Address | 4381/4, Ansari Road, Daryaganj |
| City | New Delhi |
| Postal code | 110002 |
| 300 ## - PHYSICAL DESCRIPTION | |
| Extent | 194p. |
| Other physical details | 21cm(pbk) |
| 700 ## - ADDED ENTRY--PERSONAL NAME | |
| Personal name | Pinto,Jerry |
| 942 ## - ADDED ENTRY ELEMENTS (KOHA) | |
| Source of classification or shelving scheme | Dewey Decimal Classification |
| Item type | English Books |
| Classification part | 891.463 |
| Withdrawn status | Lost status | Not for loan | Collection code | Home library | Current library | Date acquired | Source of acquisition | Cost, normal purchase price | Full call number | Barcode | Copy number | Cost, replacement price | Koha item type |
|---|---|---|---|---|---|---|---|---|---|---|---|---|---|
| Non-fiction | Ashok Vihar | Ashok Vihar | 04/05/2018 | Pragati/142/27.11.2017/672/20.11.2017/28.11.2017 | 299.00 | 891.463 | B-681935 | 1 | 299.00 | English Books | |||
| Non-fiction | Central Library | Central Library | 04/05/2018 | Pragati/142/27.11.2017/672/20.11.2017/28.11.2017 | 299.00 | 891.463 | B-681931 | 1 | 299.00 | English Books | |||
| Non-fiction | Janak Puri | Janak Puri | 04/05/2018 | Pragati/142/27.11.2017/672/20.11.2017/28.11.2017 | 299.00 | 891.463 | B-681937 | 1 | 299.00 | English Books | |||
| Non-fiction | Mobile Library | Mobile Library | 04/05/2018 | Pragati/142/27.11.2017/672/20.11.2017/28.11.2017 | 299.00 | 891.463 | B-681932 | 2 | 299.00 | English Books | |||
| Non-fiction | Mobile Library | Mobile Library | 04/05/2018 | Pragati/142/27.11.2017/672/20.11.2017/28.11.2017 | 299.00 | 891.463 | B-681933 | 2 | 299.00 | English Books | |||
| Non-fiction | Narela | Narela | 04/05/2018 | Pragati/142/27.11.2017/672/20.11.2017/28.11.2017 | 299.00 | 891.463 | B-681938 | 1 | 299.00 | English Books | |||
| Non-fiction | New Police Line | New Police Line | 04/05/2018 | Pragati/142/27.11.2017/672/20.11.2017/28.11.2017 | 299.00 | 891.463 | B-681934 | 1 | 299.00 | English Books | |||
| Non-fiction | Patel Nagar | Patel Nagar | 04/05/2018 | Pragati/142/27.11.2017/672/20.11.2017/28.11.2017 | 299.00 | 891.463 | B-681936 | 1 | 299.00 | English Books |
